Ženy /
Z komentáře k původnímu LP albu 1118 2988 vydanému Supraphonem v roce 1982 a nyní vycházejícímu poprvé digitálně: Snad že svou matku ztratil už v osmi letech, snad že mu stále více časem chyběla a pořád ji hledal, její doteky, které "jsou na všem", barvy a linie, "aby si z nich složil...
Uloženo v:
| Hlavní autor: | |
|---|---|
| Další autoři: | , , , , , , , , |
| Médium: | E-audiokniha |
| Vydáno: |
Praha :
Supraphon a.s.,
2018
|
| Tagy: |
Žádné tagy |
| LEADER | 02378nim a22003737i 4500 | ||
|---|---|---|---|
| 001 | 313271 | ||
| 007 | sr nunnnnnnned | ||
| 024 | |a 859692503622 | ||
| 044 | |a xr | ||
| 100 | 1 | |a Halas, František |4 aut | |
| 245 | 1 | 0 | |a Ženy / |c Halas, František |
| 264 | 1 | |a Praha : |b Supraphon a.s., |c 2018 | |
| 300 | |a 1 online zdroj (48 min., 59 sek.) | ||
| 336 | |a mluvené slovo |b spw |2 rdacontent | ||
| 337 | |a audio |b s |2 rdamedia | ||
| 338 | |a online zdroj |b cr |2 rdacarrier | ||
| 505 | 0 | 0 | |t Prolog ze sbírky Tváø (Pro lásku - Píseò - Tie) (5 min., 3 sek.) |
| 505 | 0 | 0 | |t Staré ženy (13 min., 37 sek.) |
| 505 | 0 | 0 | |t Dìlnice (5 min., 26 sek.) |
| 505 | 0 | 0 | |t Naše paní Božena Němcová (24 min., 55 sek.) |
| 520 | 2 | |a Z komentáře k původnímu LP albu 1118 2988 vydanému Supraphonem v roce 1982 a nyní vycházejícímu poprvé digitálně: Snad že svou matku ztratil už v osmi letech, snad že mu stále více časem chyběla a pořád ji hledal, její doteky, které "jsou na všem", barvy a linie, "aby si z nich složil obraz tratící se nenávratně", snad že poezie není než ženského rodu, ale určitě hlavně proto, že měl nekonečnou potřebu i schopnost něhy, básník František Halas (1901 - 1949) psal své dílo ve znamení plachého, ale vytrvalého obdivu a úcty k ženě....Halasova poezie už od prvních dochovaných básnických pokusů, od Smutné něhy, Vráceného prstýnku a Souchotinářky je dvornou službou ženě...vyniká ve vztahu k ženě a k ženám zvláštní pozorností a noblesou, jaká se kdysi přičítala urozeným rytířům, ale svou opravdovostí všecku feudální i pozdější šlechtu předčí a zahanbuje... Milan Blahynka | |
| 700 | 1 | |a Pavlata, Michal |4 nrt | |
| 700 | 1 | |a Hrušínský, Rudolf |4 nrt | |
| 700 | 1 | |a Kačer, Jan |4 nrt | |
| 700 | 1 | |a Haničinec, Petr |4 nrt | |
| 700 | 1 | |a Sedláček, Zdeněk |4 nrt | |
| 700 | 1 | |a Lukavský, Radovan |4 nrt | |
| 700 | 1 | |a Hanák, Jiří |4 nrt | |
| 700 | 1 | |a Sklenčka, Ota |4 nrt | |
| 700 | 1 | |a Kofránková, Hana |4 nrt | |
| 910 | |a RBIT002 | ||
| 998 | |d 401824 |a https://core.palmknihy.cz/api/books/401824/cover?sb223s |b https://core.palmknihy.cz/api/books/401824/cover/400?sb223s |c https://core.palmknihy.cz/api/books/401824/cover/50?sb223s |e 2099-01-01 |i 859692503622 |l 2939 |q 49 |r 1 |s https://www.palmknihy.cz/kniha/401824 |t audiobook |y 2018 |z 1 | ||
| 999 | |d 313269 | ||